| 000 | 00613nam a2200205Ia 4500 | ||
|---|---|---|---|
| 999 |
_c50109 _d50109 |
||
| 003 | GCL | ||
| 005 | 20240530104721.0 | ||
| 008 | 140319s9999 xx 000 0 ara d | ||
| 040 |
_aGCL / _cGCL |
||
| 082 | 0 | 4 |
_a791.437 _bح ت |
| 100 | 1 | _aسليم طوسون | |
| 245 | 1 | 0 |
_aتحليل افلام رينيه كلير / _cحليم طوسون |
| 300 | _a211 ص | ||
| 490 |
_aالهيئة العامة للاستعلامات _v0 |
||
| 650 | 0 | 4 | _aالافلام السينمائية |
| 650 | 0 | 4 | _aالسينما |
| 650 | 0 | 4 | _aالسينما - تاريخ ونقد |
| 700 | 1 | _aربيع غيث | |
| 942 |
_2ddc _cBK |
||